Normal view
MARC view
- Dr. Muhammad Tahir.
Entry Personal Name
001 - CONTROL NUMBER
- control field: 19262
003 - CONTROL NUMBER IDENTIFIER
- control field: NUST
005 - DATE AND TIME OF LATEST TRANSACTION
- control field: 20190816072052.0
008 - FIXED-LENGTH DATA ELEMENTS
- fixed length control field: 190816|| aca||aabn | a|a d
040 ## - CATALOGING SOURCE
- Original cataloging agency: NUST
- Transcribing agency: NUST
100 ## - HEADING--PERSONAL NAME
- Personal name: Dr. Muhammad Tahir.
670 ## - SOURCE DATA FOUND
- Source citation: Work cat.: (NUST): Akbar, Sehrish 19260, Artificial MicroRNA Mediated Transgenic Resistance Against Sugarcane Mosaic Virus (SCMV) in Nicotiana Benthamiana /, 2017.
